| 000 | 01200nam a22003497a 4500 | ||
|---|---|---|---|
| 001 | 000050610 | ||
| 003 | CHAP | ||
| 005 | 20220329140254.0 | ||
| 008 | 971013s1980 r 00010 d | ||
| 010 | _a49547 | ||
| 011 | _a50519 | ||
| 035 | _a54669 | ||
| 040 | _cCHAP | ||
| 090 | _aFolleto 1620 | ||
| 100 | 0 | 0 |
_aTorres Barrientos, B. Indalecio. _9114045 |
| 245 | 1 | 0 | _aCentro de Demostración y Capacitación en Producción de Leche Bajo Pastoreo El Bule. |
| 260 |
_a(s.l.) : _bFondo de Garantía y Fomento para la Agricultura, ganadería y Avicultura, _c1980. |
||
| 300 |
_a50 p. : _b: láms. |
||
| 590 |
_aBATCH-UPD _b10 _c20130110 _lUCH01 _h0937 |
||
| 590 |
_aCONVERSION _b10 _c20130109 _lUCH01 _h1327 |
||
| 590 |
_aE5995AHE _b05 _c20141215 _lUCH01 _h0927 |
||
| 590 |
_aE5995AHE _b05 _c20141215 _lUCH01 _h0927 |
||
| 650 | 1 | 4 |
_aGanado lechero. _945237 |
| 650 | 1 | 4 |
_aGanado lechero _xPastoreo. _945284 |
| 650 | 1 | 4 |
_aGranjas lecheras. _950407 |
| 901 | _aBK | ||
| 942 | _cFOLL | ||
| 942 | _n0 | ||
| 949 |
_aFolleto 1620 _bBC _cFOLL _d-120480 _eTS1 _i54669 _mD _si |
||
| 949 |
_aFolleto 1620 _bBC _cFOLL _d-120482 _eTS2 _fc.2 _i54669 _mD _si |
||
| 949 |
_aFolleto 1620 _bBC _cFOLL _d-120483 _eTS2 _fc.3 _i54669 _mD _si |
||
| 999 |
_c49547 _d49547 |
||